01747nam a2200193Ia 4500001001300000003001000013005001700023008004100040040002500081041000700106100001100113245005900124260003500183300001700218500010600235520118000341650001901521654001301540b6800-48833 IT-MiCISF20250703115926.0161014s9999||||xx |||||||||||||| ||und|| aIT-MiCISFcIT-MiCISF ait aCensis 0a43° Rapporto sulla situazione sociale del Paese. 2009 a Milano,bFranco Angeli,c2009 app. XXVI-688 asocietà, lavoro, politiche-sociali, scuola, economia, massmedia, integrazione, devianza, famiglia / a Giunto alla quarantatreesima edizione, il Rapporto Censis affronta l'analisi e l'interpretazione dei più significativi fenomeni socioeconomici del Paese. Le Considerazioni generali introducono il Rapporto sottolineando come quella italiana sia una società replicante, che di fronte alla crisi ha riproposto il tradizionale modello adattativo-reattivo. Al tempo stesso, si segnalano quattro grandi processi di trasformazione: la complessa ristrutturazione del terziario, il protagonismo del mondo delle imprese, il ritorno agli interessi agiti rispetto al primato delle opinioni, il silenzioso sfarinamento del lungo ciclo dell'individualismo "fai da te". Nella seconda parte, La società italiana al 2009, vengono affrontati i temi di maggiore interesse emersi nel corso dell'anno: i soggetti privati sul filo della crisi, l'impoverimento della dimensione pubblica, la centralità della variabile tempo. Nella terza e quarta parte si presentano le analisi per settori: la formazione, il lavoro e la rappresentanza, il welfare e la sanità, il territorio e le reti, i soggetti economici, i media e la comunicazione, il governo pubblico, la sicurezza e la cittadinanza. aSocietàe006 arapporto